000 00605cam a2200217u 4500
001 8419085
003 Ke-BoTe
005 20220125113819.0
008 830118s1959 nyua 000 0 eng
010 _a 59011697
040 _aDLC
_cCarP
_dDLC
050 0 0 _aBS551.2
_b.G7 1959
100 1 _aGraham, Ruth Bell.
_91802
245 1 0 _aOur Christmas story,
260 _aNew York :
_bNelson,
_c[1959]
300 _a80 p. :
_billus. ;
_c21 cm.
650 0 _aBible stories, English.
_9521
700 1 _aSherrill, Elizabeth.
_91549
906 _a0
_bcbc
_cpremunv
_du
_encip
_f19
_gy-gencatlg
942 _2lcc
_cBK
_n0
999 _c1224
_d1224